Регионална библиотека "Любен Каравелов" - Русе

Басни (Запис номер 418452)

MARC детайли
000 -Лидер
Контролно поле с фиксирана дължина 01465nam a2200325 a 4500
003 - Код на организацията, давaща контролен номер
Контролно поле BLK
005 - Дата и час на последна редакция
Контролно поле 20250623100746.0
008 - Елементи от данни с фиксирана дължина
fixed length control field 180408b bul|||||r ||||||| ||bul||
020 ## - Международен стандартен номер на книга ISBN
Международен стандартен номер на книга ISBN 9786190107057
040 ## - Източник на каталожния запис
Идентификатор на билиотеката - собственик на записа BLK
041 ## - Код за език
Код за езика на текст/звукозапис или на отделно заглавие Български
Код за езика КДБФ Български
080 ## - УДК
Текстов определител УДК Френска литература
УДК код - определител по УДК 821.133.1
УДК определител -191
УДК - код + определител 821.133.1-191
100 1# - Редна дума - Автор
Автор Лафонтен, Жан дьо
Авторска отговорност първи автор
R(LIN) 87853
139 ## - Редно поле
Редна дума Лафонтен, Жан дьо
Авторски знак Лаф - Л 28
245 10 - Сведения за заглавието
Заглавие Басни
Редно поле (дума) Жан дьо Лафонтен; прев. от фр. Атанас Сугарев; ил. Франсоа Шово
250 ## - Област на изданието
Сведения за изданието ново изд.
257 ## - Страна на издаване
Страна на създаване/издаване Франция
260 ## - Област на издателските данни
Име на издателя, разпространителя и проч. Изток-Запад
Година на издаване 2020
Място на издаване, разпространение и проч. София
9 (RLIN) 210881
Издателство - префикс ISBN 978-619-01- ; 978-619-152- ; 978-954-321- ; 954-8945-
300 ## - Физическа характеристика
Страници 583 с.
Илюстрации и др. с ил.
Размери/Мащаб 25 см
380 ## - Жанр
Жанр Худож. лит.
490 ## - СЕРИИ (Колекции)
9 (RLIN) 208264
Име на серия Колекция Върхове
500 ## - Общи забележки
Забележка Ориг. загл.: Oeuvres complètes / Jean de La Fontaine<br/>Други прев.: Паисий Христов, Стоян Атанасов;<br/>Баснописецът Лафонтен / Стоян Атанасов: с. 5-13.
700 1# - Други автори (авторска отговорност)
Лично име Шово, Франсоа
Автороска отговорност (Описва отношението между автора и произведението) ил.
9 (RLIN) 64690
700 ## - Други автори (авторска отговорност)
Лично име Сугарев, Атанас Димитров
Автороска отговорност (Описва отношението между автора и произведението) прев. от фр.
9 (RLIN) 317594
852 ## - Местоположение
Форматна сигнатура Цб 307582
Фондова буква Хранилище
856 4# - Електронен адрес и достъп
Електронен формат pdf - файл
Инструкция (цена за достъп) 0.00
Права за достъп disable
856 4# - Електронен адрес и достъп
Електронен формат pdf - файл
Инструкция (цена за достъп) 0.00
Права за достъп disable
999 ## - СИСТЕМНИ КОНТРОЛНИ НОМЕРА
Koha biblionumber 418452
Koha biblioitemnumber 418452
942 ## - АРТИКУЛИ
Вид на библиотечния материал Книги
Скрит в OPAC Не
Koha issues (borrowed), all copies 6
Периодичен библиозапис Да
944 ## - СЪЗДАВАНЕ И РЕДАКЦИЯ на ЗАПИСА
Създаване/Редакция Създаване
Дата на регистрацията/редакция 2021-06-08
Служител, извършил регистрацията/редакцията 30542
Статус, дата на статуса Русанова Ирена
Наличности
Код за отписване Код за изгубен артикул Източник на класификационната схема Код за повреда Коз за рестрикции Код за отдаване Артикулен № Име на библиотеката - собственик Име на библиотеката, в която се намира в момента Статус (Текущо местоположение) Дата на вписване в системата Местоположение - отдел Цена в лева Систематично азбучна сигнатура Баркод Цена в евро Служебен тип на артикула
  Не е изгубен Universal Decimal Classification Не е повреден само за читалня ползва се в читалня 835613 Регионална библиотека "Любен Каравелов" Русе Регионална библиотека "Любен Каравелов" Русе Хранилище 2021-06-09 Хранилище 29.90 Цб 307582 120000855904 15.29 Книги
  Не е изгубен Universal Decimal Classification Не е повреден без рестрикции заемане за дома 922038 Регионална библиотека "Любен Каравелов" Русе Регионална библиотека "Любен Каравелов" Русе Заемна - подръчен фонд 2023-01-19 Заемна - подръчен фонд 20.95 821-1/Л 28 Ж 120000881619 10.71 Книги
Vip Innovations Ltd, Rousse, Bulgaria 2025